[Event "Skakliga 2007-08"]
[Site "Denmark"]
[Date "2008.04.12"]
[Round "8.4"]
[White "Jorgensen, Michael"]
[Black "Hutters, Tomas"]
[Result "1/2-1/2"]
[WhiteElo "2217"]
[BlackElo "2437"]
[PlyCount "71"]
[EventDate "2007.11.10"]
[EventType "team-tourn"]
[EventRounds "9"]
[EventCountry "DEN"]
[Source "ChessBase"]
[SourceDate "2003.11.25"]
[WhiteTeam "Helsingor"]
[BlackTeam "Helsinge"]
[WhiteTeamCountry "DEN"]
[BlackTeamCountry "DEN"]

1. d4 Nf6 2. c4 g6 3. Nc3 Bg7 4. Nf3 O-O 5. e3 d5 6. Be2 c5 7. O-O cxd4 8. exd4
Nc6 9. c5 Ne4 10. h3 e5 11. dxe5 Nxc3 12. bxc3 Nxe5 13. Rb1 Qc7 14. Be3 b6 15.
a4 Nxf3+ 16. Bxf3 Ba6 17. Bxd5 Rad8 18. Qf3 Bxf1 19. cxb6 Qe5 20. c4 Bd3 21.
Bf4 Qc3 22. Rc1 Qb3 23. bxa7 Bc2 24. Qxb3 Bxb3 25. Bb8 Rxb8 26. axb8=Q Rxb8 27.
a5 Bd4 28. a6 Ba7 29. Bb7 Bc5 30. Ra1 Bxc4 31. Rc1 Bxa6 32. Bxa6 Bd6 33. Rd1
Rd8 34. Kf1 Kf8 35. Bc4 Be7 36. Ra1 1/2-1/2

[Event "Skakliga 2007-08"]
[Site "Denmark"]
[Date "2008.04.12"]
[Round "8.5"]
[White "Bekker Jensen, Simon"]
[Black "Larsen, Ole Bogh"]
[Result "1-0"]
[WhiteElo "2389"]
[BlackElo "2235"]
[PlyCount "77"]
[EventDate "2007.11.10"]
[EventType "team-tourn"]
[EventRounds "9"]
[EventCountry "DEN"]
[Source "ChessBase"]
[SourceDate "2003.11.25"]
[WhiteTeam "Helsinge"]
[BlackTeam "Helsingor"]
[WhiteTeamCountry "DEN"]
[BlackTeamCountry "DEN"]

1. d4 Nf6 2. c4 g6 3. g3 Bg7 4. Bg2 c6 5. e4 d6 6. Nc3 O-O 7. Nf3 Qa5 8. O-O
Qh5 9. Ng5 Qxd1 10. Rxd1 e5 11. Nf3 Bg4 12. Be3 Na6 13. h3 exd4 14. Rxd4 Be6
15. Ng5 c5 16. Rxd6 Bxc4 17. f4 h6 18. Nf3 Rfd8 19. Rad1 Rxd6 20. Rxd6 Ne8 21.
Rd7 Be6 22. Rd2 Rc8 23. e5 Nb4 24. a3 Nc6 25. g4 Na5 26. Bf1 Bc4 27. Bd3 Nc7
28. Be4 Ne6 29. Rd7 Ba6 30. Bd5 Bc4 31. Bxc4 Nxc4 32. Nd5 Kf8 33. Bf2 Nxb2 34.
f5 gxf5 35. gxf5 Nd4 36. Nxd4 cxd4 37. f6 Bh8 38. Bxd4 Na4 39. Rxb7 1-0

[Event "Skakliga 2007-08"]
[Site "Denmark"]
[Date "2008.04.12"]
[Round "8.6"]
[White "Jensen, Ib"]
[Black "Nilssen, John Arni"]
[Result "0-1"]
[WhiteElo "1930"]
[BlackElo "2355"]
[PlyCount "90"]
[EventDate "2007.11.10"]
[EventType "team-tourn"]
[EventRounds "9"]
[EventCountry "DEN"]
[Source "ChessBase"]
[SourceDate "2003.11.25"]
[WhiteTeam "Helsingor"]
[BlackTeam "Helsinge"]
[WhiteTeamCountry "DEN"]
[BlackTeamCountry "DEN"]

1. d4 Nf6 2. Nf3 g6 3. Nc3 d5 4. Bf4 Bg7 5. e3 O-O 6. Be2 c6 7. h4 b5 8. a3 a5
9. Ne5 Nfd7 10. h5 Nxe5 11. Bxe5 f6 12. Bxb8 Rxb8 13. hxg6 hxg6 14. Bd3 Qe8 15.
Qf3 e5 16. Qg3 f5 17. Kd2 Rb7 18. Rh4 e4 19. Be2 Be6 20. Rah1 Rf6 21. Qh2 Kf8
22. Qd6+ Re7 23. Qh2 Bg8 24. g4 fxg4 25. Bxg4 Ref7 26. Rf1 Qd8 27. Ne2 Qd6 28.
Qxd6+ Rxd6 29. Rh2 Ke7 30. Nf4 Bxd4 31. Nxg6+ Rxg6 32. Bh5 Bxe3+ 33. Kxe3 Rh7
34. Bxg6 Rxh2 35. Rg1 Be6 36. c3 Bd7 37. b4 a4 38. Kd4 Kd6 39. Bf7 Rxf2 40.
Rg6+ Kc7 41. Rg7 Kb6 42. Ke5 e3 43. Bh5 e2 44. Bxe2 Rxe2+ 45. Kd6 Bc8 0-1

[Event "Skakliga 2007-08"]
[Site "Denmark"]
[Date "2008.04.12"]
[Round "8.7"]
[White "Bekker Jensen, David"]
[Black "Molin, Claus"]
[Result "1-0"]
[WhiteElo "2320"]
[BlackElo "1973"]
[PlyCount "51"]
[EventDate "2007.11.10"]
[EventType "team-tourn"]
[EventRounds "9"]
[EventCountry "DEN"]
[Source "ChessBase"]
[SourceDate "2003.11.25"]
[WhiteTeam "Helsinge"]
[BlackTeam "Helsingor"]
[WhiteTeamCountry "DEN"]
[BlackTeamCountry "DEN"]

1. d4 Nf6 2. c4 e6 3. Nc3 d5 4. cxd5 exd5 5. Bg5 Be7 6. e3 O-O 7. Bd3 Re8 8.
Qc2 h6 9. Bf4 Nc6 10. a3 Bd6 11. Bxd6 Qxd6 12. Nge2 a6 13. h3 Nd8 14. b4 Ne6
15. O-O Ng5 16. Nf4 c6 17. Rfe1 Nge4 18. f3 Nxc3 19. Qxc3 Be6 20. Qd2 Qd7 21.
g4 Re7 22. Kh1 Rae8 23. Rg1 g5 24. Ne2 Bxg4 25. hxg4 Rxe3 26. Raf1 1-0

[Event "Skakliga 2007-08"]
[Site "Denmark"]
[Date "2008.04.12"]
[Round "8.8"]
[White "Petersen, Aage"]
[Black "Andersson, Bjorn"]
[Result "0-1"]
[WhiteElo "1929"]
[BlackElo "2280"]
[PlyCount "70"]
[EventDate "2007.11.10"]
[EventType "team-tourn"]
[EventRounds "9"]
[EventCountry "DEN"]
[Source "ChessBase"]
[SourceDate "2003.11.25"]
[WhiteTeam "Helsingor"]
[BlackTeam "Helsinge"]
[WhiteTeamCountry "DEN"]
[BlackTeamCountry "DEN"]

1. d4 c5 2. d5 Nf6 3. Nf3 d6 4. Nc3 g6 5. e4 Bg7 6. Bb5+ Bd7 7. a4 O-O 8. O-O
Na6 9. Re1 Nc7 10. Bf1 a6 11. a5 Bg4 12. h3 Bxf3 13. Qxf3 Rb8 14. Nd1 e5 15.
Ne3 Qe7 16. Nc4 Nd7 17. Bd3 b5 18. axb6 Nxb6 19. Na5 Qd7 20. Nc6 Ra8 21. c4 Kh8
22. g4 Nc8 23. Bd2 Ne6 24. dxe6 Qxc6 25. exf7 Ra7 26. Qg2 Raxf7 27. Be3 Qb7 28.
Re2 Ne7 29. b4 cxb4 30. c5 dxc5 31. Bxc5 b3 32. Bc4 Rf3 33. Rb1 Qc7 34. Bxe7
Qxc4 35. Rd2 Qxe4 0-1

[Event "Skakliga 2007-08"]
[Site "Denmark"]
[Date "2008.04.13"]
[Round "9.1"]
[White "Aagaard, Jacob"]
[Black "Hector, Jonny"]
[Result "0-1"]
[WhiteElo "2533"]
[BlackElo "2520"]
[PlyCount "62"]
[EventDate "2007.11.10"]
[EventType "team-tourn"]
[EventRounds "9"]
[EventCountry "DEN"]
[Source "ChessBase"]
[SourceDate "2003.11.25"]
[WhiteTeam "Sydostfyn"]
[BlackTeam "Nordkalotten"]
[WhiteTeamCountry "DEN"]
[BlackTeamCountry "DEN"]

1. e4 e5 2. Nf3 Nc6 3. Bb5 Bc5 4. c3 f5 5. d4 fxe4 6. Bxc6 dxc6 7. Nxe5 Qd5 8.
O-O Nf6 9. Bf4 Bd6 10. c4 Qe6 11. c5 O-O 12. Nc3 Nd5 13. Bg3 Bxe5 14. Bxe5 Nxc3
15. bxc3 b6 16. cxb6 cxb6 17. Re1 Qd5 18. Re3 Bf5 19. h4 Rf7 20. Rg3 Re8 21.
Qe2 Re6 22. h5 Qd8 23. a4 Qh4 24. Rf1 Rh6 25. Qc4 g5 26. f3 Qxh5 27. Bf4 Be6
28. d5 Rxf4 29. Qxc6 e3 30. Rxg5+ Qxg5 31. dxe6 Qh5 0-1

[Event "Skakliga 2007-08"]
[Site "Denmark"]
[Date "2008.04.13"]
[Round "9.2"]
[White "Brynell, Stellan"]
[Black "Pedersen, Steffen"]
[Result "0-1"]
[WhiteElo "2452"]
[BlackElo "2452"]
[PlyCount "82"]
[EventDate "2007.11.10"]
[EventType "team-tourn"]
[EventRounds "9"]
[EventCountry "DEN"]
[Source "ChessBase"]
[SourceDate "2003.11.25"]
[WhiteTeam "Nordkalotten"]
[BlackTeam "Sydostfyn"]
[WhiteTeamCountry "DEN"]
[BlackTeamCountry "DEN"]

1. d4 d5 2. c4 c6 3. Nc3 Nf6 4. e3 e6 5. Nf3 a6 6. b3 Bb4 7. Bd2 Nbd7 8. Bd3
O-O 9. O-O Bd6 10. e4 dxc4 11. bxc4 e5 12. c5 Bc7 13. Na4 exd4 14. Bg5 h6 15.
Bh4 Re8 16. Qc2 Nf8 17. Rab1 Rb8 18. Rb4 Bg4 19. Rxd4 Qe7 20. Bg3 Ne6 21. Rd6
Bxf3 22. gxf3 Nh5 23. e5 Ng5 24. Qd1 Nh3+ 25. Kh1 Bxd6 26. cxd6 Qg5 27. Nc3
Nxg3+ 28. hxg3 Qxe5 29. Qd2 Ng5 30. f4 Nf3 31. Qd1 Qxc3 32. Qxf3 Qf6 33. Rd1
Rbd8 34. Rb1 Qxd6 35. Bc4 b5 36. Bb3 c5 37. Rd1 Qf6 38. Bd5 c4 39. Kg2 Rd6 40.
Rh1 Qf5 41. Rh5 Qd3 0-1

[Event "Skakliga 2007-08"]
[Site "Denmark"]
[Date "2008.04.13"]
[Round "9.3"]
[White "Borbjerggaard, Lars"]
[Black "Ahlander, Bjorn"]
[Result "0-1"]
[WhiteElo "2376"]
[BlackElo "2394"]
[PlyCount "64"]
[EventDate "2007.11.10"]
[EventType "team-tourn"]
[EventRounds "9"]
[EventCountry "DEN"]
[Source "ChessBase"]
[SourceDate "2003.11.25"]
[WhiteTeam "Sydostfyn"]
[BlackTeam "Nordkalotten"]
[WhiteTeamCountry "DEN"]
[BlackTeamCountry "DEN"]

1. d4 Nf6 2. Bg5 e6 3. Nd2 d5 4. e3 c5 5. c3 Be7 6. Bd3 b6 7. Ngf3 O-O 8. Ne5
Nfd7 9. Bf4 Nxe5 10. Bxe5 Ba6 11. Bc2 Nd7 12. Nf3 Nxe5 13. Nxe5 Bd6 14. Qh5 g6
15. Qh6 cxd4 16. exd4 Qc7 17. Ng4 f5 18. Ne3 Rac8 19. O-O-O f4 20. Ng4 Be2 21.
f3 Bxd1 22. Kxd1 Qg7 23. Qh3 e5 24. dxe5 Bxe5 25. Re1 Bxc3 26. bxc3 Qxc3 27.
Nh6+ Kh8 28. Re2 Rc7 29. Qe6 Rfc8 30. Rd2 Qa1+ 31. Ke2 Qg7 32. Ng4 Re7 0-1

[Event "Skakliga 2007-08"]
[Site "Denmark"]
[Date "2008.04.13"]
[Round "9.4"]
[White "Kristensen, Kaare Hove"]
[Black "Sorensen, Torben N"]
[Result "1/2-1/2"]
[WhiteElo "2318"]
[BlackElo "2387"]
[PlyCount "101"]
[EventDate "2007.11.10"]
[EventType "team-tourn"]
[EventRounds "9"]
[EventCountry "DEN"]
[Source "ChessBase"]
[SourceDate "2003.11.25"]
[WhiteTeam "Nordkalotten"]
[BlackTeam "Sydostfyn"]
[WhiteTeamCountry "DEN"]
[BlackTeamCountry "DEN"]

1. e4 c5 2. Nf3 Nc6 3. d4 cxd4 4. Nxd4 g6 5. c4 Bg7 6. Nc2 d6 7. Be2 Be6 8. O-O
Rc8 9. Ne3 Nf6 10. Nd2 O-O 11. Rb1 Re8 12. b3 Qa5 13. a3 Nd4 14. Bb2 Nxe2+ 15.
Qxe2 Nd7 16. Bxg7 Kxg7 17. Ra1 a6 18. Qd3 b5 19. f4 bxc4 20. Ndxc4 Qb5 21. Rab1
f6 22. Qd4 Nc5 23. e5 dxe5 24. fxe5 f5 25. b4 Bxc4 26. Qxc4 Ne4 27. Qxb5 axb5
28. Rbc1 Red8 29. Rxc8 Rxc8 30. Rd1 Kf7 31. g4 Rc3 32. Nd5 Rxa3 33. gxf5 gxf5
34. Nc7 Nc3 35. e6+ Kf6 36. Rd8 Ra7 37. Nd5+ Nxd5 38. Rxd5 Kxe6 39. Rxb5 Ra2
40. Rb6+ Kd5 41. Rh6 Rb2 42. Rxh7 e5 43. Rb7 Ke4 44. h4 Kf3 45. Rb5 Kf4 46. h5
Rb3 47. h6 Rh3 48. Rb6 e4 49. b5 e3 50. Re6 e2 51. Rxe2 1/2-1/2

[Event "Skakliga 2007-08"]
[Site "Denmark"]
[Date "2008.04.13"]
[Round "9.5"]
[White "Nordenbaek, Jan"]
[Black "Ejsing, Esben"]
[Result "1-0"]
[WhiteElo "2223"]
[BlackElo "2244"]
[PlyCount "57"]
[EventDate "2007.11.10"]
[EventType "team-tourn"]
[EventRounds "9"]
[EventCountry "DEN"]
[Source "ChessBase"]
[SourceDate "2003.11.25"]
[WhiteTeam "Sydostfyn"]
[BlackTeam "Nordkalotten"]
[WhiteTeamCountry "DEN"]
[BlackTeamCountry "DEN"]

1. d4 Nf6 2. Nf3 e6 3. c4 b6 4. g3 Bb7 5. Bg2 Bb4+ 6. Bd2 Bxd2+ 7. Nbxd2 d6 8.
O-O O-O 9. Qc2 c5 10. e4 cxd4 11. Nxd4 a6 12. Rac1 Nbd7 13. Rfd1 Rc8 14. Qb1
Ng4 15. h3 Nge5 16. f4 Ng6 17. Nf1 Re8 18. Kh2 h5 19. Ne2 d5 20. e5 h4 21. cxd5
hxg3+ 22. Nfxg3 exd5 23. Bxd5 Bxd5 24. Rxd5 Rxc1 25. Qxc1 Nh4 26. Qc6 Nf3+ 27.
Kh1 Re6 28. Qxd7 Qh4 29. Qd8+ 1-0

[Event "Skakliga 2007-08"]
[Site "Denmark"]
[Date "2008.04.13"]
[Round "9.6"]
[White "Jakobsen, Peter"]
[Black "Rath, Ulrik"]
[Result "1-0"]
[WhiteElo "2215"]
[BlackElo "2316"]
[PlyCount "123"]
[EventDate "2007.11.10"]
[EventType "team-tourn"]
[EventRounds "9"]
[EventCountry "DEN"]
[Source "ChessBase"]
[SourceDate "2003.11.25"]
[WhiteTeam "Nordkalotten"]
[BlackTeam "Sydostfyn"]
[WhiteTeamCountry "DEN"]
[BlackTeamCountry "DEN"]

1. d4 Nf6 2. c4 e6 3. Nf3 c5 4. d5 exd5 5. cxd5 d6 6. Nc3 g6 7. e4 Bg7 8. h3
O-O 9. Bd3 Na6 10. O-O Nc7 11. a4 a6 12. Bf4 Rb8 13. Rb1 b5 14. b4 c4 15. Bc2
Nh5 16. Bg5 Bf6 17. Bd2 Bg7 18. Bg5 Bf6 19. Bxf6 Qxf6 20. Qd4 Bd7 21. a5 Rfe8
22. Rbd1 Qxd4 23. Nxd4 Nf4 24. Rfe1 Rbc8 25. Re3 Kg7 26. Rf3 g5 27. Re3 f6 28.
Nce2 Nxe2+ 29. Nxe2 Re5 30. Nd4 h5 31. Ree1 h4 32. Rf1 Rh8 33. f4 gxf4 34. Rxf4
Rg5 35. Kh2 Ne8 36. Rdf1 Rh6 37. Bd1 Rh8 38. Bg4 Bxg4 39. hxg4 Re5 40. Nf5+ Kg6
41. Nxd6 Nxd6 42. Rxf6+ Kg5 43. Rxd6 Rxe4 44. Rxa6 Rd8 45. d6 c3 46. Rc6 Rxb4
47. Rxc3 Rxd6 48. Kh3 Rd5 49. Rf8 Ra4 50. Rg8+ Kh6 51. Rc6+ Kh7 52. Ra8 Rd7 53.
Rc5 b4 54. Rb5 Ra1 55. Kxh4 Rb1 56. a6 b3 57. Rb7 Rg7 58. Raa7 Rh1+ 59. Kg3 b2
60. Rxg7+ Kh8 61. Rgb7 b1=Q 62. Ra8# 1-0

[Event "Skakliga 2007-08"]
[Site "Denmark"]
[Date "2008.04.13"]
[Round "9.7"]
[White "Jepsen, Thomas"]
[Black "Nielsen, Lars Aaes"]
[Result "1/2-1/2"]
[WhiteElo "2073"]
[BlackElo "2201"]
[PlyCount "39"]
[EventDate "2007.11.10"]
[EventType "team-tourn"]
[EventRounds "9"]
[EventCountry "DEN"]
[Source "ChessBase"]
[SourceDate "2003.11.25"]
[WhiteTeam "Sydostfyn"]
[BlackTeam "Nordkalotten"]
[WhiteTeamCountry "DEN"]
[BlackTeamCountry "DEN"]

1. Nf3 d5 2. g3 Nf6 3. Bg2 Bg4 4. O-O e6 5. d3 Be7 6. Nbd2 O-O 7. Re1 c5 8. e4
Nc6 9. h3 Bxf3 10. Bxf3 Qc7 11. exd5 Nxd5 12. Nf1 Rad8 13. Ne3 Nb6 14. a4 Nb4
15. Qe2 Rfe8 16. a5 N6d5 17. Nc4 Nc6 18. c3 Qd7 19. Bg2 Bf6 20. Qg4 1/2-1/2

[Event "Skakliga 2007-08"]
[Site "Denmark"]
[Date "2008.04.13"]
[Round "9.8"]
[White "Koch, Soren Andreas"]
[Black "Nohr, Finn"]
[Result "1/2-1/2"]
[WhiteElo "2094"]
[BlackElo "2058"]
[PlyCount "140"]
[EventDate "2007.11.10"]
[EventType "team-tourn"]
[EventRounds "9"]
[EventCountry "DEN"]
[Source "ChessBase"]
[SourceDate "2003.11.25"]
[WhiteTeam "Nordkalotten"]
[BlackTeam "Sydostfyn"]
[WhiteTeamCountry "DEN"]
[BlackTeamCountry "DEN"]

1. d4 Nf6 2. Nf3 d5 3. c4 c6 4. Nc3 e6 5. Bg5 h6 6. Bxf6 Qxf6 7. e3 Nd7 8. Bd3
dxc4 9. Bxc4 g6 10. O-O Bg7 11. e4 e5 12. d5 Nb6 13. Bb3 O-O 14. Rc1 Bg4 15. a4
a5 16. Re1 h5 17. h3 Bxf3 18. Qxf3 Qxf3 19. gxf3 Bh6 20. Rcd1 Rfd8 21. Rd3 Rd7
22. Rdd1 Rad8 23. Kf1 Bf8 24. dxc6 bxc6 25. Rxd7 Rxd7 26. Rd1 Rd4 27. Ke2 Rb4
28. Bc2 Rxb2 29. Kd3 Nd7 30. Rb1 Nc5+ 31. Kd2 Rxb1 32. Bxb1 Ne6 33. Ne2 Ng5 34.
Ng1 Bc5 35. Ke1 Kf8 36. Ba2 Ke7 37. Bb3 Ne6 38. Ne2 Bd4 39. Bc2 f6 40. Bd3 Kd6
41. Bc4 h4 42. f4 Nc5 43. fxe5+ fxe5 44. f4 Ke7 45. f5 gxf5 46. exf5 Kf6 47.
Nc1 Nxa4 48. Nb3 Nb6 49. Be6 a4 50. Nc1 Nd5 51. Bd7 Nb4 52. Ke2 a3 53. Be6 Nd5
54. Kf3 Bb2 55. Na2 Nf4 56. Bd7 Nxh3 57. Kg4 Nf4 58. Kxh4 c5 59. Kg4 Nd5 60.
Kf3 Ke7 61. Be6 Nf6 62. Ke2 Kd6 63. Kd3 e4+ 64. Kc4 Ng4 65. Bc8 Ne5+ 66. Kb3
Kd5 67. Kc2 Kd4 68. f6 Ke3 69. Be6 Ng6 70. f7 Kf2 1/2-1/2

[Event "Skakliga 2007-08"]
[Site "Denmark"]
[Date "2008.04.13"]
[Round "9.1"]
[White "Kulaots, Kaido"]
[Black "Nielsen, Peter Heine"]
[Result "1/2-1/2"]
[WhiteElo "2547"]
[BlackElo "2628"]
[PlyCount "56"]
[EventDate "2007.11.10"]
[EventType "team-tourn"]
[EventRounds "9"]
[EventCountry "DEN"]
[Source "ChessBase"]
[SourceDate "2003.11.25"]
[WhiteTeam "Aalborg"]
[BlackTeam "Helsinge"]
[WhiteTeamCountry "DEN"]
[BlackTeamCountry "DEN"]

1. e4 c6 2. d4 d5 3. Nc3 dxe4 4. Nxe4 Bf5 5. Ng3 Bg6 6. h4 h6 7. Nf3 Nd7 8. h5
Bh7 9. Bd3 Bxd3 10. Qxd3 e6 11. Bf4 Qa5+ 12. Bd2 Bb4 13. c3 Be7 14. c4 Qc7 15.
O-O-O Ngf6 16. Kb1 O-O 17. Rhe1 a5 18. Qe2 Bb4 19. Ne5 c5 20. Nxd7 Qxd7 21.
dxc5 Qc6 22. Ne4 Nxe4 23. Qxe4 Qxc5 24. Be3 Qe7 25. Rg1 Rfd8 26. g4 Bc5 27.
Rxd8+ Rxd8 28. g5 Bxe3 1/2-1/2

[Event "Skakliga 2007-08"]
[Site "Denmark"]
[Date "2008.04.13"]
[Round "9.2"]
[White "Berg, Emanuel"]
[Black "Pedersen, Nicolai Vesterbaek"]
[Result "1-0"]
[WhiteElo "2593"]
[BlackElo "2454"]
[PlyCount "113"]
[EventDate "2007.11.10"]
[EventType "team-tourn"]
[EventRounds "9"]
[EventCountry "DEN"]
[Source "ChessBase"]
[SourceDate "2003.11.25"]
[WhiteTeam "Helsinge"]
[BlackTeam "Aalborg"]
[WhiteTeamCountry "DEN"]
[BlackTeamCountry "DEN"]

1. e4 e5 2. Nf3 Nc6 3. Bb5 Nf6 4. Qe2 Bc5 5. c3 O-O 6. d3 d6 7. Nbd2 Bd7 8. O-O
h6 9. Rd1 a6 10. Ba4 Re8 11. Nf1 Ba7 12. Ng3 Ne7 13. Bxd7 Nxd7 14. Nh4 Nf8 15.
Qh5 Nfg6 16. Bxh6 Nxh4 17. Qxh4 Ng6 18. Qxd8 Raxd8 19. Be3 Bb8 20. d4 exd4 21.
cxd4 d5 22. e5 c5 23. dxc5 Bxe5 24. Bd4 Nf4 25. b4 Bxd4 26. Rxd4 Ne2+ 27. Nxe2
Rxe2 28. a4 a5 29. Rc1 axb4 30. Rxb4 Rd7 31. Rd4 Ra2 32. g3 Kf8 33. Kg2 Ke7 34.
h4 Kf6 35. Rf4+ Ke7 36. Rd4 Kf6 37. Rc3 Ke5 38. Rcd3 Rc2 39. Rg4 g6 40. Rf4 d4
41. Kf3 Rxc5 42. Re4+ Kf5 43. g4+ Kf6 44. Rdxd4 Rxd4 45. Rxd4 b5 46. a5 Rc3+
47. Ke4 Ra3 48. Rd6+ Ke7 49. Ra6 Ra4+ 50. Kd5 Rxg4 51. Rb6 Rxh4 52. a6 Rf4 53.
Kc6 Rxf2 54. a7 Ra2 55. Kb7 Rxa7+ 56. Kxa7 g5 57. Ka6 1-0

[Event "Skakliga 2007-08"]
[Site "Denmark"]
[Date "2008.04.13"]
[Round "9.3"]
[White "Luch, Michal"]
[Black "Schandorff, Lars"]
[Result "1/2-1/2"]
[WhiteElo "2389"]
[BlackElo "2525"]
[PlyCount "60"]
[EventDate "2007.11.10"]
[EventType "team-tourn"]
[EventRounds "9"]
[EventCountry "DEN"]
[Source "ChessBase"]
[SourceDate "2003.11.25"]
[WhiteTeam "Aalborg"]
[BlackTeam "Helsinge"]
[WhiteTeamCountry "DEN"]
[BlackTeamCountry "DEN"]

1. d4 d5 2. c4 c6 3. Nf3 Nf6 4. Nc3 e6 5. e3 Nbd7 6. Bd3 dxc4 7. Bxc4 b5 8. Bd3
Bb7 9. O-O a6 10. Qe2 c5 11. dxc5 Bxc5 12. e4 Qb8 13. h3 O-O 14. Rd1 h6 15. Be3
Rc8 16. Rac1 Bd6 17. a3 Ne5 18. Bd4 Nxd3 19. Qxd3 e5 20. Bb6 Rc6 21. Ba5 Qe8
22. Rc2 Rac8 23. Re2 Bb8 24. Qe3 Rd6 25. Red2 Rxd2 26. Nxd2 Qe6 27. Qb6 Qxb6
28. Bxb6 Bd6 29. Ba5 Bc5 30. Kf1 Be7 1/2-1/2

[Event "Skakliga 2007-08"]
[Site "Denmark"]
[Date "2008.04.13"]
[Round "9.4"]
[White "Hutters, Tomas"]
[Black "Pedersen, Daniel V"]
[Result "0-1"]
[WhiteElo "2437"]
[BlackElo "2235"]
[PlyCount "61"]
[EventDate "2007.11.10"]
[EventType "team-tourn"]
[EventRounds "9"]
[EventCountry "DEN"]
[Source "ChessBase"]
[SourceDate "2003.11.25"]
[WhiteTeam "Helsinge"]
[BlackTeam "Aalborg"]
[WhiteTeamCountry "DEN"]
[BlackTeamCountry "DEN"]

1. d4 d5 2. c4 c6 3. Nf3 Nf6 4. Nc3 e6 5. e3 Nbd7 6. Qc2 Bd6 7. Bd3 O-O 8. O-O
dxc4 9. Bxc4 a6 10. a4 c5 11. b3 b6 12. Bb2 Bb7 13. Rad1 cxd4 14. Rxd4 Qc7 15.
h3 Rfd8 16. Rfd1 Bc5 17. R4d3 h6 18. Qe2 Bb4 19. Rc1 Bf8 20. Rdd1 Qc5 21. e4
Qa5 22. Nd2 Qg5 23. Nf3 Qf4 24. g3 Qc7 25. Bd3 Bc5 26. Kh2 Nh5 27. Bb1 Ndf6 28.
e5 Bxf3 29. Qxf3 Qxe5 30. Kg2 Bd4 31. Rxd4 0-1

[Event "Skakliga 2007-08"]
[Site "Denmark"]
[Date "2008.04.13"]
[Round "9.5"]
[White "Nielsen, Steffen Slumstrup"]
[Black "Fries Nielsen, Niels Jorgen"]
[Result "0-1"]
[WhiteElo "2226"]
[BlackElo "2400"]
[PlyCount "66"]
[EventDate "2007.11.10"]
[EventType "team-tourn"]
[EventRounds "9"]
[EventCountry "DEN"]
[Source "ChessBase"]
[SourceDate "2003.11.25"]
[WhiteTeam "Aalborg"]
[BlackTeam "Helsinge"]
[WhiteTeamCountry "DEN"]
[BlackTeamCountry "DEN"]

1. e4 d6 2. d4 g6 3. Nc3 Bg7 4. f4 a6 5. Nf3 b5 6. Bd3 Nd7 7. O-O c5 8. d5 c4
9. Be2 Ngf6 10. Be3 b4 11. Nb1 Nxe4 12. Bd4 Bxd4+ 13. Qxd4 Qb6 14. Bxc4 Qxd4+
15. Nxd4 Nb6 16. Bb3 Bb7 17. Nc6 a5 18. Re1 Bxc6 19. dxc6 Nc5 20. Nd2 a4 21.
Bc4 e6 22. a3 bxa3 23. bxa3 Kd8 24. Bb5 Kc7 25. Nf3 f6 26. Rad1 Rhe8 27. Rd2
Rad8 28. Rde2 Nd5 29. Rd2 Nxf4 30. Rd4 e5 31. Rc4 Nd5 32. Rh4 h5 33. Bxa4 g5
0-1

[Event "Skakliga 2007-08"]
[Site "Denmark"]
[Date "2008.04.13"]
[Round "9.6"]
[White "Nilssen, John Arni"]
[Black "Meyer, Lars August"]
[Result "1-0"]
[WhiteElo "2355"]
[BlackElo "2222"]
[PlyCount "65"]
[EventDate "2007.11.10"]
[EventType "team-tourn"]
[EventRounds "9"]
[EventCountry "DEN"]
[Source "ChessBase"]
[SourceDate "2003.11.25"]
[WhiteTeam "Helsinge"]
[BlackTeam "Aalborg"]
[WhiteTeamCountry "DEN"]
[BlackTeamCountry "DEN"]

1. d4 Nf6 2. c4 e6 3. g3 d5 4. Nf3 c6 5. Qc2 Nbd7 6. Bg2 Be7 7. O-O O-O 8. cxd5
exd5 9. Nc3 Re8 10. Bf4 Bb4 11. a3 Bxc3 12. bxc3 Nb6 13. Ne5 Nh5 14. Bc1 f6 15.
Nd3 g6 16. Re1 Nc4 17. e4 dxe4 18. Bxe4 Nd6 19. Bf3 Rxe1+ 20. Nxe1 Ng7 21. Bf4
Ne6 22. Qb3 Kg7 23. Nd3 Nxf4 24. Nxf4 Nf7 25. Re1 Qb6 26. Qa2 Kf8 27. a4 Qd8
28. Qb3 Kg7 29. h4 Rb8 30. Bxc6 Bg4 31. Bf3 Qd7 32. Bxg4 Qxg4 33. Re7 1-0

[Event "Skakliga 2007-08"]
[Site "Denmark"]
[Date "2008.04.13"]
[Round "9.7"]
[White "Hjorth, Torben"]
[Black "Bekker Jensen, David"]
[Result "1-0"]
[WhiteElo "2151"]
[BlackElo "2320"]
[PlyCount "77"]
[EventDate "2007.11.10"]
[EventType "team-tourn"]
[EventRounds "9"]
[EventCountry "DEN"]
[Source "ChessBase"]
[SourceDate "2003.11.25"]
[WhiteTeam "Aalborg"]
[BlackTeam "Helsinge"]
[WhiteTeamCountry "DEN"]
[BlackTeamCountry "DEN"]

1. e4 c5 2. Nf3 d6 3. c3 Nf6 4. h3 Nbd7 5. Bd3 g6 6. Bc2 Ne5 7. O-O Nxf3+ 8.
Qxf3 Bg7 9. d4 O-O 10. Rd1 Nd7 11. dxc5 Nxc5 12. Nd2 b6 13. Nb3 Qc7 14. Bf4 Bb7
15. Nxc5 bxc5 16. Qe3 Rfd8 17. Bh6 Bh8 18. Rd2 Rab8 19. Rad1 Ba6 20. Bb1 Re8
21. f4 Bb7 22. Qg3 Bc6 23. e5 dxe5 24. f5 Bf6 25. h4 Kh8 26. fxg6 fxg6 27. h5
gxh5 28. Qh3 e4 29. Qxh5 Rg8 30. Qxc5 Rg6 31. Bxe4 Rxh6 32. Bxc6 Be5 33. Rd8+
Rxd8 34. Rxd8+ Kg7 35. Qd5 Bh2+ 36. Kf1 Rf6+ 37. Ke2 Qxc6 38. Rg8+ Kh6 39. Qg5#
1-0

[Event "Skakliga 2007-08"]
[Site "Denmark"]
[Date "2008.04.13"]
[Round "9.8"]
[White "Andersson, Bjorn"]
[Black "Nielsen, Jorgen G"]
[Result "1-0"]
[WhiteElo "2280"]
[BlackElo "2149"]
[PlyCount "51"]
[EventDate "2007.11.10"]
[EventType "team-tourn"]
[EventRounds "9"]
[EventCountry "DEN"]
[Source "ChessBase"]
[SourceDate "2003.11.25"]
[WhiteTeam "Helsinge"]
[BlackTeam "Aalborg"]
[WhiteTeamCountry "DEN"]
[BlackTeamCountry "DEN"]

1. e4 e5 2. Nf3 Nc6 3. Bc4 Bc5 4. b4 Bxb4 5. c3 Ba5 6. d4 d6 7. Qb3 exd4 8.
Bxf7+ Kf8 9. Bxg8 Rxg8 10. Ng5 Qe8 11. Nxh7+ Ke7 12. Ng5 Rh8 13. O-O Bb6 14.
Re1 Qg6 15. cxd4 Nxd4 16. Qd3 Ne6 17. Qg3 Rh5 18. h4 Bd4 19. Nc3 c6 20. Rd1 Be5
21. f4 Bxc3 22. Qxc3 Rxh4 23. Nxe6 Bxe6 24. f5 Qh5 25. Qxg7+ Bf7 26. Bg5+ 1-0

[Event "Skakliga 2007-08"]
[Site "Denmark"]
[Date "2008.04.13"]
[Round "9.1"]
[White "Skytte, Rasmus"]
[Black "Lund, Silas"]
[Result "1/2-1/2"]
[WhiteElo "2409"]
[BlackElo "2401"]
[PlyCount "35"]
[EventDate "2007.11.10"]
[EventType "team-tourn"]
[EventRounds "9"]
[EventCountry "DEN"]
[Source "ChessBase"]
[SourceDate "2003.11.25"]
[WhiteTeam "Aarhus/Skolerne"]
[BlackTeam "K41"]
[WhiteTeamCountry "DEN"]
[BlackTeamCountry "DEN"]

1. e4 e5 2. Nf3 Nc6 3. Nc3 Nf6 4. Bb5 Bb4 5. O-O O-O 6. d3 d6 7. Bg5 Bxc3 8.
bxc3 Qe7 9. Re1 Nd8 10. d4 Bg4 11. d5 h6 12. Bc1 Nh7 13. h3 Bc8 14. Bd3 b6 15.
Nh2 Nb7 16. f4 exf4 17. Bxf4 f6 18. Nf3 1/2-1/2